书目信息 |
| 题名: |
染料化学
|
|
| 作者: | 程万里 主编 | |
| 分册: | ||
| 出版信息: | 北京 中国纺织出版社 2010.2 |
|
| 页数: | 10,296页 | |
| 开本: | 26cm | |
| 丛书名: | ||
| 单 册: | ||
| 中图分类: | TQ610.1 | |
| 科图分类: | ||
| 主题词: | 染料化学--高等教育--教材 , 染料化学 | |
| 电子资源: | ||
| ISBN: | 978-7-5064-6078-1 | |
| 000 | 00911nam0 2200265 450 | |
| 001 | 0400002437 | |
| 005 | 20171021100150.0 | |
| 010 | @a978-7-5064-6078-1@dCNY49.80 | |
| 100 | @a20171021e20172010em y0chiy ea | |
| 101 | 0 | @achi |
| 102 | @aCN@b110000 | |
| 105 | @ay z 000yy | |
| 106 | @ar | |
| 200 | 1 | @a染料化学@9ran liao hua xue@e附电子课件版@f程万里主编 |
| 210 | @a北京@c中国纺织出版社@d2010.2@h2017.7 | |
| 215 | @a10,296页@d26cm | |
| 300 | @a普通高等教育“十一五”国家级规划教材(本科) | |
| 320 | @a有书目 | |
| 330 | @a本书以染料的应用分类为线索,并兼顾染料的结构分类,着重阐述了染料的化学结构与其颜色、染色性能和染色牢度等性能的关系,同时也介绍了各种类型染料及其重要中间体的合成方法。 | |
| 606 | 0 | @a染料化学@x高等教育@j教材 |
| 606 | 0 | @a染料化学 |
| 690 | @aTQ610.1@v4 | |
| 701 | 0 | @a程万里@9cheng wan li@c(教授)@4主编 |
| 801 | 0 | @aCN@b91MARC@c20171021 |
| 905 | @b1032220-4@dTQ610.1@f5@e67 | |
| 染料化学:附电子课件版/程万里主编.-北京:中国纺织出版社,2010.2(2017.7) |
| 10,296页;26cm |
| 普通高等教育“十一五”国家级规划教材(本科) |
| ISBN 978-7-5064-6078-1:CNY49.80 |
| 本书以染料的应用分类为线索,并兼顾染料的结构分类,着重阐述了染料的化学结构与其颜色、染色性能和染色牢度等性能的关系,同时也介绍了各种类型染料及其重要中间体的合成方法。 |
| ● |
| 相关链接 |
|
|
|
|
正题名:染料化学
索取号:TQ610.1/67
 
预约/预借
| 序号 | 登录号 | 条形码 | 馆藏地/架位号 | 状态 | 备注 |
| 1 | 1032220 | 210322202 | 第二样本阅览室/ [索取号:TQ610.1/67] | 在馆 | |
| 2 | 1032221 | 210322211 | 密集书库-化学系/ [索取号:TQ610.1/67] | 在馆 | |
| 3 | 1032222 | 210322220 | 第三借阅区/ [索取号:TQ610.1/67] | 在馆 | |
| 4 | 1032223 | 210322239 | 第三借阅区/ [索取号:TQ610.1/67] | 在馆 | |
| 5 | 1032224 | 210322248 | 第三借阅区/ [索取号:TQ610.1/67] | 在馆 |